000 00531cam a2200205u 4500
001 8139103
003 OSt
005 20221026153000.0
008 821001m18591867xx 000 0 eng
010 _aunk82044301
020 _a1346209654
040 _aDLC
_cCarP
_dDLC
050 0 0 _aBR145
_b.S34 1858
100 1 _aSchaff, Philip,
245 0 0 _aHistory of the Christian Church
260 _aNew York
_cCharles scribner
_b1858
300 _axii, 585p.
906 _a0
_bcbc
_cpremunv
_du
_encip
_f19
_gy-gencatlg
942 _2lcc
_cBK
999 _c19699
_d19698